000
00269nam a2200121Ia 4500
008
190216s9999||||xx |||||||||||||| ||und||
100
_a
Kenneth Krane
245
0
_a
Modern Physics
260
_b
Wiley Students
_c
2009
300
_a
581
650
_a
Physics
942
_c
BK
999
_c
34350
_d
34350